Ignited Minds : (Record no. 639)

000 -LEADER
fixed length control field 00666nam a2200241 a 4500
008 - FIXED-LENGTH DATA ELEMENTS--GENERAL INFORMATION
fixed length control field 190930s2002 ii ||||g |||| 001 0 eng d
020 ## - INTERNATIONAL STANDARD BOOK NUMBER
International Standard Book Number 9780143029823
Terms of availability Rs. 160.00
040 ## - CATALOGING SOURCE
Original cataloging agency IMU Kochi Library
Language of cataloging eng
041 0# - LANGUAGE CODE
Language code of text/sound track or separate title eng
044 ## - COUNTRY OF PUBLISHING/PRODUCING ENTITY CODE
MARC country code India
082 04 - DEWEY DECIMAL CLASSIFICATION NUMBER
Edition number 23
Classification number 923.1
Item number Ab324
100 1# - MAIN ENTRY--PERSONAL NAME
Personal name Abdul Kalam, A. P. J.
245 10 - TITLE STATEMENT
Title Ignited Minds :
Sub Title Unleashing the Power within India /
260 ## - PUBLICATION, DISTRIBUTION, ETC. (IMPRINT)
Place of publication, distribution, etc New Delhi :
Name of publisher, distributor, etc Penguin Books,
Date of publication, distribution, etc 2002
300 ## - PHYSICAL DESCRIPTION
Extent xviii, 205 p. ;
Dimensions 17.5 cm.
504 ## - BIBLIOGRAPHY, ETC. NOTE
Bibliography, etc Index present.
600 1# - SUBJECT ADDED ENTRY--PERSONAL NAME
Personal name Abdul Kalam, A. P. J.
650 #0 - SUBJECT ADDED ENTRY--TOPICAL TERM
Topical term or geographic name as entry element Patriotism
Geographic subdivision India
650 #0 - SUBJECT ADDED ENTRY--TOPICAL TERM
Topical term or geographic name as entry element Motivation (Psychology)
852 ## - LOCATION/CALL NUMBER
Location IMU Kochi Library
904 ## - LOCAL DATA ELEMENT D, LDD (RLIN)
CATALOGER Shine Joy
942 ## - ADDED ENTRY ELEMENTS (KOHA)
Item type Books
Holdings
Withdrawn status Lost status Source of classification or shelving scheme Damaged status Not for loan Collection code Permanent location Current location Shelving location Date acquired Source of acquisition Cost, normal purchase price Total Checkouts Total Renewals Full call number Barcode Date last seen Date last borrowed Koha item type Public note
          Non-fiction IMU Kochi Library IMU Kochi Library Fiction & General 2013-03-06 M/S Gemini Book House (Inv. No. 76 Dt 2013-02-18) 160.00 6 3 923.1 Ab324 BK002242 2025-11-18 2025-11-06 Books Shelf-19, Row-3
          Non-fiction IMU Kochi Library IMU Kochi Library Fiction & General 2013-03-05 M/S Gemini Book House (Inv. No. 79 Dt 2013-02-18) 160.00 2   923.1 Ab324 BK000637 2024-05-08 2024-05-08 Books Shelf-19, Row-3


Copyright © All Rights Reserved by Indian Maritime University, Kochi Campus.
For any Suggestions/Query Contact to library or Email: library.kochi@imu.ac.in Ph:(0484)-2989402
(Web OPAC Designed by Rudra Ranjan. Maintained by IMU Kochi Library)

Powered by Koha